| 000 | 00913cas a2200277 a 4500 | ||
|---|---|---|---|
| 008 | 131007m19791985sz bc 0 b0fre d | ||
| 020 | _a2880960002 (v.1) | ||
| 020 | _a2880960061 (v.2) | ||
| 020 | _a288096010x (v.3) | ||
| 020 | _a2880960118 (v.4) | ||
| 040 |
_aEG-GiCUC _bfre _cEG-GiCUC |
||
| 043 | _ae-sz--- | ||
| 092 | 0 | 4 |
_a848.994940016 _bB58248 _221 |
| 099 |
_a04 _a848.994940016 B58248 |
||
| 245 | 0 | 0 |
_aBibliographie annuelle des lettres romandes / _cetablie par Regis De Courten; Bibliotheq̀ue nationale suisse |
| 260 |
_aLausanne : _bLe Front Litteraire, _c1979-1985. |
||
| 300 |
_a4 v. ; _c23 cm. |
||
| 650 | 0 |
_aSwiss literature (French) _vBibliography _vCatalogs. |
|
| 700 | 1 | _aCourten, Regis De. | |
| 710 | 2 | _aBibliotheq̀ue nationale suisse. | |
| 902 | _a1 | ||
| 905 |
_aEman _eRev. |
||
| 905 |
_aJamal _eCat. |
||
| 942 |
_2ddc _cBK |
||
| 999 |
_c130443 _d130443 |
||